Keeping cool
| Main Author: | |
|---|---|
| Format: | Book |
| Published: |
London :
Franklin Watts ,
1992
|
| Series: | The body in action
|
| Subjects: |
MARC
| LEADER | 00000cam a2200000 7i4500 | ||
|---|---|---|---|
| 001 | 0000005510 | ||
| 002 | 000005956 | ||
| 005 | 20000330.0 | ||
| 020 | |a 0749604972 | ||
| 090 | 0 | 0 | |a J 611 |b BOD |
| 100 | 1 | |a Parker, Steve | |
| 245 | 1 | 0 | |a Keeping cool |c Steve Parker |
| 260 | |a London : |b Franklin Watts , |c 1992 | ||
| 300 | |a 32 p. ; |c 27 cm. | ||
| 490 | 0 | |a The body in action | |
| 650 | 0 | 0 | |a Human anatomy |x Juvenile literature |
| 999 | |a 026937 |b BUKU |c PINJAMAN |e PERPUSTAKAAN KOMUNITI PETALING JAYA | ||